01171nam a2200313Ia 4500001001200000003000800012006001900020007001500039008004100054010001700095020001500112020001500127040002100142035002000163050002900183082001800212100002400230245009300254260003900347300002400386500002200410533015200432650004200584650004200626655002900668710001700697856012600714999001700840ebr10088538CaPaEBRm u cr cn|||||||||040115s2004 maua s 001 0 eng d z 2004041531 z1402077882 z1402077890 aCaPaEBRcCaPaEBR a(OCoLC)5553549314aQP624.5.D726bL44 2004eb04a572.8/6362221 aLee, Mei-Ling Ting.10aAnalysis of microarray gene expression datah[electronic resource] /cMei-Ling Ting Lee. aBoston :bKluwer Academic,cc2004. axvi, 371 p. :bill. aIncludes indexes. aElectronic reproduction.bPalo Alto, Calif. :cebrary,d2009.nAvailable via World Wide Web.nAccess may be limited to ebrary affiliated libraries. 0aDNA microarraysxStatistical methods. 0aGene expressionxStatistical methods. 7aElectronic books.2local2 aebrary, Inc.40uhttp://site.ebrary.com/lib/rucke/Doc?id=10088538zAn electronic book accessible through the World Wide Web; click to view c51997d51997